000
00286nam a2200121 4500
999
_c
10889
_d
10889
003
OSt
005
20221020144003.0
008
221020b ||||| |||| 00| 0 eng d
100
_a
Z Finitskaya
245
_a
Samarkand
260
_a
MOSCOW
_b
Progress publishers publishers
942
_2
ddc